000 00737nam a22002777a 4500
008 130630b xxu||||| |||| 00| 0 eng d
020 _a978-93-5006-003-2
024 _cAvailable
037 _cAvailable
040 _aMBSTU LIBRARY
_dMBSTU LIBRARY
082 _222
_a530 GUP
100 _aGupta, S.L.
110 _aV. Kumar.
245 _aPractical physics with viva-voce.
250 _a27th
260 _aMeerut
_bPragoti Prakashan.
_c2010
300 _a24 cm.
_bxii, 116 en page
_f10
_g24 cm.
600 _2Physics.
650 _2Physics.
700 _aGupta, S.L.
710 _aV. Kumar.
270 _aMeerut.
_bMeerut.
_dIndia
365 _b408.00
_d408.00
942 _2ddc
_cBK
999 _c551
_d551